Le Musée égyptien.

Saved in:

Corporate Author: Matḥaf al-Miṣrī.

Format: Book

Language: French

Published: Le Caire : Administration du tourisme de 'Etat Egyptien, 1949.

Subjects:

Tags: Add Tag

No Tags, Be the first to tag this record!

Call Number: DT59 .C243 E351 1949

LEADER 00666namaa2200229 4500
001 19096
003 OSt
005 20260510152617.0
008 130303s1949 ua a 000 0 fre d
040 |c ARCE Library 
043 |a f-ua--- 
050 4 |a DT59 .C243 E351 1949 
110 2 |6 880-01  |a Matḥaf al-Miṣrī. 
245 1 3 |a Le Musée égyptien. 
264 1 |a Le Caire :  |b Administration du tourisme de 'Etat Egyptien,   |c 1949. 
300 |a 87 pages :   |b illustrations ;   |c 24 cm. 
610 2 0 |a Matḥaf al-Miṣiī  |v Guidebooks. 
651 0 |a Egypt  |x Antiquities. 
880 2 |6 110-01/(3/r  |a متحف المصري 
901 |a reviewed 
942 |c BK  |2 lcc 
999 |c 16105  |d 16105